| 000 | 01007nam a22002417a 4500 | ||
|---|---|---|---|
| 005 | 20200104041623.0 | ||
| 008 | 101213s2010 ck ad r 001 0 spa d | ||
| 020 | _a9789587194470 | ||
| 041 | 0 | _aspa | |
| 044 | _ack | ||
| 082 | 0 | 4 |
_a344.0957 _bN43i |
| 245 | 0 | 3 |
_aLa investigación sobre biodiversidad en Colombia : _bpropuesta de ajustes al régimen de acceso a recursos genéticos y productos derivados, y a la decisión Andina 391 de 1996 _ceditado por Gabriel Ricardo Nemogá...[et al.] |
| 260 |
_aBogotá _bUniversidad Nacional de Colombia _c2010. |
||
| 300 |
_a247 p. _btablas,gráficas _c24 cm. |
||
| 504 | _aIncluye referencias bibliográficas (p. 240-247). | ||
| 650 | 1 | 4 |
_aConservación de la diversidad biológica _912199 |
| 650 | 2 | 4 |
_aConservación biológica _998 |
| 650 | 2 | q |
_aDiversidad biológica _912201 |
| 650 | 2 | 4 |
_aProtección del medio ambiente _9271 |
| 700 | 1 |
_aÁvila-Sánchez, Leidy Andrea _912203 |
|
| 700 | 1 |
_91705 _aNemogá Soto, Gabriel Ricardo _d1960- |
|
| 942 |
_2ddc _cImpreso _03 |
||
| 999 |
_c8172 _d8172 |
||